Normal view MARC view

Entry Personal Name

Number of records used in: 2

001 - CONTROL NUMBER

  • control field: 64971

003 - CONTROL NUMBER IDENTIFIER

  • control field: dpl

005 - DATE AND TIME OF LATEST TRANSACTION

  • control field: 20240419154200.0

008 - FIXED-LENGTH DATA ELEMENTS

  • fixed length control field: 240419|| aca||aabn | a|a d

040 ## - CATALOGING SOURCE

  • Original cataloging agency: dpl
  • Transcribing agency: dpl

100 ## - HEADING--PERSONAL NAME

  • Personal name: Hameed ,Syeda Saiyidain

670 ## - SOURCE DATA FOUND

  • Source citation: Work cat.: (dpl)202307: Azad, Abul Kalam 64970, India's Maulana /, 2010

© Delhi Public Library
Hit Counter
free hit counter